Public economics (Registro nro. 4159)

Detalles MARC
000 -LEADER
fixed length control field 01296 a2200229 4500
001 - CONTROL NUMBER
control field 46094
005 - DATE AND TIME OF LATEST TRANSACTION
control field 20260407155734.0
008 - FIXED-LENGTH DATA ELEMENTS--GENERAL INFORMATION
fixed length control field 260407a1995 arg spa d
003 - CONTROL NUMBER IDENTIFIER
control field AR-UNSa-BCEJYS
040 ## - CATALOGING SOURCE
Original cataloging agency AR-UNSa-BCEJYS
Language of cataloging spa
Transcribing agency AR-UNSa-BCEJYS
080 ## - UNIVERSAL DECIMAL CLASSIFICATION NUMBER
Universal Decimal Classification number 330.1
Common auxiliary subdivision Ciencia económica. Conceptos fundamentales de teoría económica. Valor. Capital. Fondos
020 ## - INTERNATIONAL STANDARD BOOK NUMBER
International Standard Book Number 0-521-49769-8
041 ## - LANGUAGE CODE
Language code of text/sound track or separate title spa
100 1# - MAIN ENTRY--PERSONAL NAME
Personal name Myles, Gareth D.
245 10 - TITLE STATEMENT
Title Public economics
264 #1 - PRODUCTION, PUBLICATION, DISTRIBUTION, MANUFACTURE, AND COPYRIGHT NOTICE
Place of production, publication, distribution, manufacture New York :
Name of producer, publisher, distributor, manufacturer Cambridge University Press
Date of production, publication, distribution, manufacture, or copyright notice 1995
300 ## - PHYSICAL DESCRIPTION
Extent xvi, 546 p.
Dimensions 25 cm.
505 ## - FORMATTED CONTENTS NOTE
Formatted contents note Part I. : Foundations : 1. Introduction – 2. General equilibrium and welfare economics – 3. Topics in measurement - - Part II. : Analysis in the competitive economy : 4. Commodity texation – 5. Income texation – 6. Policy reform – 7. Risk – 8. Corporate texation - - Part III. : Relaxing the assumptions : 9. Public godos – 10. Externalities – 11. Imperfect competition – 12. Tax evasión - - Part IV. : Introducing real time : 13. Overlapping generations economies – 14. Social security – 15. Debt and texation.
590 ## - LOCAL NOTE (RLIN)
Local note niveau_biblio:m niveau_hierar:0
856 41 - ELECTRONIC LOCATION AND ACCESS
Uniform Resource Identifier <a href="https://www.biblioeco.unsa.edu.ar/pmb/images/libros/L127338.jpg">https://www.biblioeco.unsa.edu.ar/pmb/images/libros/L127338.jpg</a>
Link text Imagen de portada
Electronic format type image/jpeg
942 ## - ADDED ENTRY ELEMENTS (KOHA)
Koha item type
Existencias
Withdrawn status Lost status Damaged status Not for loan Home library Current library Shelving location Date acquired Total checkouts Full call number Barcode Date last seen Price effective from Koha item type
        Biblioteca Prof. Eusebio Cleto del Rey Biblioteca Prof. Eusebio Cleto del Rey   07/04/2026   330.1 M997 L127338 07/04/2026 07/04/2026 Libro
        Biblioteca Prof. Eusebio Cleto del Rey Biblioteca Prof. Eusebio Cleto del Rey   07/04/2026   330.1 M997 L128617 07/04/2026 07/04/2026 Libro